| 000 | 00498nam a2200193Ia 4500 | ||
|---|---|---|---|
| 008 | 220531s9999 xx 000 0 und d | ||
| 041 | _aeng | ||
| 082 |
_a- _bMAR |
||
| 100 |
_aMarks, J. _968539 |
||
| 245 | _aEnglish Pronunciation In Use (elementary) | ||
| 250 | _a1ST | ||
| 260 |
_aNew Delhi _bCambridge University Press _c2014 |
||
| 300 | _a166 | ||
| 542 | _d11-06-2015 | ||
| 551 |
_aEnglish _bUgc-ENG |
||
| 650 |
_aPronunciation _968540 |
||
| 906 | _d2015-2016 | ||
| 999 |
_c38501 _d38501 |
||